000 00560nam a2200205Ia 4500
005 20250923144720.0
008 008 250917s9999 xx 000 0 eng d
037 _aTextual
040 _aDSWL
_beng
_cDSWL
041 _aeng
_2eng
084 _qDSWL
100 _aSchwartz
_9827668
245 4 _aThe Nurse and the mental patient: A study in International relations
_cby Sockley
260 _aNew York
_bRussel Sage Foundation
_c1956
300 _a289p.
365 _aUSD
_b3.5
925 _g3.5
942 _cTEXL
999 _c1442417
_d1442417